Kreative Nutzung von Phraseologismen und Bildern

Skúmanie používania súborových fráz z jadra frazeológie spolu s obrázkami ako maľby, karikatúry a plagáty. Skúmanie ich koexistencie z pohľadu obrazového charakteru idiomatickej frázy. Kreatívne využitie súborových fráz.

Enregistré dans:
Détails bibliographiques
Auteur principal: Šukolová, Lucia, 1984-
Format: Chapitre de livre
Langue:allemand
Sujets:
Tags: Ajouter un tag
Pas de tags, Soyez le premier à ajouter un tag!

MARC

LEADER 00000naa$a2200000$$$4500
001 0257976
005 20240502074104.1
041 0 |a ger 
044 |a SK 
245 1 0 |a Kreative Nutzung von Phraseologismen und Bildern  |c Lucia Šukolová 
520 |a Skúmanie používania súborových fráz z jadra frazeológie spolu s obrázkami ako maľby, karikatúry a plagáty. Skúmanie ich koexistencie z pohľadu obrazového charakteru idiomatickej frázy. Kreatívne využitie súborových fráz. 
610 2 0 |a frazeológia 
610 2 0 |a zásoba slovná 
610 2 0 |a jazykoveda 
610 2 0 |a články 
100 1 |a Šukolová, Lucia, 1984-